[Event "40th Bosna Open"]
[Site "Sarajevo BIH"]
[Date "2010.05.10"]
[Round "6"]
[White "Djukic,Ni"]
[Black "Vuckovic,Bo"]
[Result "1/2-1/2"]
[WhiteElo "2495"]
[BlackElo "2640"]
[EventDate "2010.05.05"]

1. e4 c5 2. Nf3 Nc6 3. d4 cxd4 4. Nxd4 Nf6 5. Nc3 e5 6. Ndb5 d6 7. Bg5 a6
8. Na3 b5 9. Nd5 Be7 10. Bxf6 Bxf6 11. c3 Rb8 12. Nc2 O-O 13. h4 Be7 14. g3
Be6 15. Bg2 Qd7 16. Qd3 Bd8 17. Rd1 Ne7 18. Ncb4 a5 19. Nxe7+ Bxe7 20. Nd5
b4 21. c4 Rfc8 22. Nxe7+ Qxe7 23. b3 Rb6 24. O-O a4 25. Qe3 Qc7 26. Rd3 Qc5
27. Qxc5 Rxc5 28. Rfd1 Rcc6 29. f4 f6 30. Kh2 axb3 31. axb3 Ra6 32. fxe5
fxe5 33. Bh3 Kf7 34. Rf1+ Ke7 35. Bxe6 Ra2+ 36. Kh3 Kxe6 37. Rf8 Rc2 38.
Rdf3 Rc3 39. Rxc3 bxc3 40. Rf3 c2 41. Rc3 Rb6 42. Rxc2 Rxb3 43. c5 dxc5 44.
Rxc5 Rb4 45. Rc7 Kf6 46. Rc6+ Kf7 47. Rc7+ 1/2-1/2

[Event "40th Bosna Open"]
[Site "Sarajevo BIH"]
[Date "2010.05.10"]
[Round "6"]
[White "Ivanisevic,I"]
[Black "Neubauer,M"]
[Result "1-0"]
[WhiteElo "2630"]
[BlackElo "2458"]
[EventDate "2010.05.05"]

1. d4 Nf6 2. c4 e6 3. Nc3 Bb4 4. Qc2 O-O 5. Nf3 c5 6. dxc5 Na6 7. c6 bxc6
8. g3 d5 9. a3 Bxc3+ 10. Qxc3 Nc5 11. Bg2 Nce4 12. Qc2 Ba6 13. O-O Bxc4 14.
Ne5 Ba6 15. Nxc6 Rc8 16. Qa4 Qd7 17. Qxa6 Rxc6 18. Qd3 Rb8 19. Rb1 Nc5 20.
Qd1 Nb3 21. Bg5 Qd8 22. Bf4 Rb7 23. e4 Qa5 24. exd5 Nxd5 25. Re1 Rc8 26.
Re5 Rd8 27. Bg5 f6 28. Qg4 fxe5 29. Qxe6+ Kh8 30. Bxd8 Qxd8 31. Rd1 Re7 32.
Rxd5 Qe8 33. Qd6 Nd4 34. Qd8 g6 35. Qxe8+ Rxe8 36. Rd7 a5 37. Rd5 a4 38. h4
Rb8 39. Rxe5 Rxb2 40. Re8+ Kg7 41. Re7+ Kh8 42. Bd5 Ne2+ 43. Kg2 Nc3 44.
Bc4 Rc2 45. g4 Nd1 46. Be2 Nc3 47. Bf3 Ra2 48. g5 Rxa3 49. Bg4 Nd5 50. Rf7
Rd3 51. h5 gxh5 52. Be6 h6 53. g6 Nf4+ 54. Rxf4 Kg7 55. Bf7 a3 56. Ra4 h4
57. Rxh4 a2 58. Bxa2 1-0

[Event "40th Bosna Open"]
[Site "Sarajevo BIH"]
[Date "2010.05.10"]
[Round "6"]
[White "Berg,E"]
[Black "Manik,M"]
[Result "1/2-1/2"]
[WhiteElo "2616"]
[BlackElo "2440"]
[EventDate "2010.05.05"]

1. e4 e5 2. Nf3 Nc6 3. Bb5 a6 4. Ba4 Nf6 5. O-O Be7 6. Re1 b5 7. Bb3 O-O 8.
c3 d6 9. h3 Na5 10. Bc2 c5 11. d4 Nd7 12. Nbd2 exd4 13. cxd4 Nc6 14. d5
Nce5 15. a4 Bb7 16. Nxe5 Nxe5 17. f4 Ng6 18. Nf3 Bh4 19. Rf1 Bg3 20. f5 Ne5
21. Ng5 Nd7 22. Nxh7 Kxh7 23. f6 Be5 24. Qh5+ Kg8 25. fxg7 Bxg7 26. e5 f5
27. Rxf5 Rxf5 28. Qxf5 Qh4 29. Bg5 Qd4+ 30. Kh1 Nf8 31. e6 Qxd5 32. Qf7+
Kh8 33. Qh5+ Kg8 34. Qf7+ Kh8 35. Qh5+ Kg8 36. Qf7+ Kh8 37. Qh5+ 1/2-1/2

[Event "40th Bosna Open"]
[Site "Sarajevo BIH"]
[Date "2010.05.10"]
[Round "6"]
[White "Bosiocic,Mari"]
[Black "Willemze,T"]
[Result "1-0"]
[WhiteElo "2562"]
[BlackElo "2408"]
[EventDate "2010.05.05"]

1. e4 c6 2. d4 d5 3. f3 e6 4. Nc3 Bb4 5. a3 Bxc3+ 6. bxc3 dxe4 7. Qe2 b6 8.
Qe3 exf3 9. Nxf3 Ne7 10. Bd3 Ba6 11. c4 Nd7 12. O-O h6 13. Qe4 Nf6 14. Qh4
Nf5 15. Bxf5 exf5 16. Qg3 Kf8 17. Ne5 Qxd4+ 18. Be3 f4 19. Qxg7+ Kxg7 20.
Bxd4 c5 21. Bb2 Nh5 22. g4 f6 23. Nd3 Kf7 24. gxh5 Rhg8+ 25. Kf2 Rg5 26.
Nxf4 Rf5 27. Kg3 Rg8+ 28. Ng6 Rg5+ 29. Kh4 1-0

[Event "40th Bosna Open"]
[Site "Sarajevo BIH"]
[Date "2010.05.10"]
[Round "6"]
[White "Kantorik,M"]
[Black "Jankovic,A"]
[Result "0-1"]
[WhiteElo "2390"]
[BlackElo "2559"]
[EventDate "2010.05.05"]

1. d4 Nf6 2. c4 g6 3. Nc3 Bg7 4. e4 d6 5. Be2 O-O 6. Bg5 Na6 7. f4 c6 8.
Nf3 Nc7 9. O-O Ne6 10. e5 Ng4 11. Qd3 h6 12. f5 gxf5 13. Bh4 Nf4 14. Qd2
dxe5 15. h3 Ng6 16. hxg4 exd4 17. Rad1 fxg4 18. Bg3 gxf3 19. Bxf3 Be6 20.
Ne2 Bxc4 21. b3 Ba6 22. Kh1 e6 23. Rfe1 Qg5 0-1

[Event "40th Bosna Open"]
[Site "Sarajevo BIH"]
[Date "2010.05.10"]
[Round "6"]
[White "Kurajica,B"]
[Black "Bejtovic,J"]
[Result "1/2-1/2"]
[WhiteElo "2548"]
[BlackElo "2379"]
[EventDate "2010.05.05"]

1. d4 Nf6 2. Nf3 g6 3. g3 Bg7 4. Bg2 O-O 5. O-O d6 6. Re1 Nbd7 7. e4 e5 8.
a4 a5 9. b3 Re8 10. Bb2 exd4 11. Nxd4 Nc5 12. Nc3 c6 13. Qd2 Qb6 14. Rad1
Bg4 15. f3 Bd7 16. Kh1 Rad8 17. Ba1 Bc8 18. Qf2 Qc7 19. Nde2 b6 20. Nd4 Qb7
21. Bb2 Qb8 22. Bc1 Qc7 23. Bf4 Ba6 24. Qd2 Nfd7 25. Bg5 f6 26. Be3 Ne5 27.
f4 Nf7 28. Bf2 Bc8 29. h3 Re7 30. Kh2 Bd7 31. Ndb5 Qb8 32. Na3 Qc7 33. Nc4
Be6 34. Nb2 Rde8 35. Nd3 Rd8 36. Bd4 Bc8 37. Qf2 Rde8 38. Bf3 Bd7 39. Qg2
Ne6 40. Be3 f5 1/2-1/2

[Event "40th Bosna Open"]
[Site "Sarajevo BIH"]
[Date "2010.05.10"]
[Round "6"]
[White "Bindrich,F"]
[Black "Ganaus,H"]
[Result "1-0"]
[WhiteElo "2539"]
[BlackElo "2297"]
[EventDate "2010.05.05"]

1. e4 c6 2. d4 d5 3. Nc3 dxe4 4. Nxe4 Bf5 5. Ng3 Bg6 6. h4 h6 7. Nf3 e6 8.
Ne5 Bh7 9. Bc4 Nd7 10. f4 Ngf6 11. Qe2 Nxe5 12. fxe5 Nd5 13. c3 Qc7 14. O-O
O-O-O 15. Ne4 Bf5 16. h5 Be7 17. Bd2 Rdf8 18. b4 f6 19. exf6 gxf6 20. Nc5
Bxc5 21. bxc5 Rfg8 22. Bd3 Bxd3 23. Qxd3 Qg3 24. Qe2 Qg4 25. Rae1 Kd7 26.
Rf2 Qxe2 27. Rfxe2 Re8 28. c4 Nc7 29. Bf4 Na6 30. Rb2 Kc8 31. Re3 Rh7 32.
Bd6 Rg7 33. Rf2 f5 34. Rxf5 1-0

[Event "40th Bosna Open"]
[Site "Sarajevo BIH"]
[Date "2010.05.10"]
[Round "6"]
[White "Urosevic,A"]
[Black "Panarin,M"]
[Result "1/2-1/2"]
[WhiteElo "2240"]
[BlackElo "2521"]
[EventDate "2010.05.05"]

1. Nf3 Nf6 2. b3 g6 3. Bb2 d6 4. c4 e5 5. g3 Bg7 6. Bg2 O-O 7. O-O c6 8. d3
Nbd7 9. Nbd2 Re8 10. Qc2 b6 11. e4 Bb7 12. d4 exd4 13. Nxd4 a6 14. Rfe1 Qc7
15. Ne2 Re7 16. Nf4 Rae8 17. Nd3 c5 18. f3 Nf8 19. Nf1 Ne6 20. Ne3 Nd4 21.
Qd1 Nd7 22. Nc2 Nxc2 23. Qxc2 Bxb2 24. Qxb2 Ne5 25. Red1 Nc6 26. Nf4 Nd4
27. Rxd4 cxd4 28. Qxd4 f5 29. exf5 gxf5 30. Kf2 Qc5 31. Qxc5 dxc5 32. Rd1
b5 33. Bf1 b4 34. Bh3 Re3 35. Rd3 R3e5 36. Rd7 Bc8 37. Rd2 a5 38. Nd5 Kg7
39. f4 Re1 40. Nb6 Rh1 41. Kg2 Bb7+ 42. Nd5 Rhe1 43. Kf2 Rh1 44. Kg2 Ree1
45. Bxf5 Rd1 46. Rc2 Rc1 47. Rf2 Rhe1 48. Kh3 Rf1 49. Re2 Rce1 50. Rc2 Rc1
51. Re2 Rfe1 52. Rf2 Rf1 1/2-1/2

[Event "40th Bosna Open"]
[Site "Sarajevo BIH"]
[Date "2010.05.10"]
[Round "6"]
[White "Prohaszka,P2"]
[Black "Yagiz,Y"]
[Result "1-0"]
[WhiteElo "2510"]
[BlackElo "2234"]
[EventDate "2010.05.05"]

1. d4 e6 2. c4 b6 3. a3 Bb7 4. Nc3 f5 5. Nf3 Nf6 6. d5 Be7 7. Nd4 Qc8 8. g3
Na6 9. Bg2 Nc5 10. b4 Nce4 11. Nxe4 Nxe4 12. f3 Nf6 13. e4 c5 14. dxc6 dxc6
15. e5 Ng8 16. O-O c5 17. bxc5 Bxc5 18. Kh1 Ne7 19. Nb5 Kf7 20. Nd6+ Bxd6
21. exd6 Ng6 22. d7 Qc7 23. Bg5 Ne7 24. Qd4 e5 25. Qd3 g6 26. Rad1 Rad8 27.
Qd6 Qxd6 28. Rxd6 h6 29. Bf6 Rh7 30. Re1 Kf8 31. Rxe5 Rf7 32. f4 Nc6 33.
Bxd8 1-0

[Event "40th Bosna Open"]
[Site "Sarajevo BIH"]
[Date "2010.05.10"]
[Round "6"]
[White "Bogut,Z"]
[Black "Kosintseva,N"]
[Result "1/2-1/2"]
[WhiteElo "2468"]
[BlackElo "2553"]
[EventDate "2010.05.05"]

1. g3 d5 2. Bg2 Nf6 3. Nf3 e6 4. O-O Be7 5. d3 c5 6. Nbd2 Nc6 7. e4 O-O 8.
Re1 Rb8 9. e5 Nd7 10. Nf1 b5 11. h4 b4 12. N1h2 a5 13. Ng4 Ba6 14. Bg5 a4
15. Qd2 Rc8 16. Qf4 Bb5 17. Bf1 Ba6 18. Rac1 Bb7 19. Bh3 Bxg5 20. Nxg5 Ne7
21. h5 h6 22. Nf3 d4 23. Nd2 Nd5 24. Qf3 Qc7 25. Bg2 Ba8 26. Qe2 a3 27.
bxa3 Nc3 28. Qf1 bxa3 29. Nc4 Bd5 30. Nxa3 Qa5 31. Bxd5 exd5 32. Nb1 Nxa2
33. Rcd1 Nb4 34. Qe2 Qb6 35. c3 dxc3 36. Nxc3 Qe6 37. f4 Nc6 38. Nb5 Rb8
39. Nc7 Nd4 40. Nxe6 Nxe2+ 41. Rxe2 fxe6 42. Ra2 Rb3 43. Ra7 Rf7 44. Kg2
Nb6 45. Ra6 Rc7 46. Nf2 c4 47. dxc4 Rxc4 48. Rd3 Rb2 49. Kf3 Ra4 50. Rxa4
Nxa4 51. Ra3 Nc5 52. Nd3 Nxd3 53. Rxd3 Kf7 54. Ra3 Rb7 55. g4 Rb4 56. Ra7+
Kf8 57. Ra6 Kf7 58. f5 Rb3+ 59. Kf4 Rb4+ 60. Kg3 Rb3+ 61. Kh4 exf5 62. gxf5
Re3 63. Ra7+ Kf8 64. Ra8+ Ke7 65. Ra7+ Kf8 66. e6 Re5 67. Kg4 Re4+ 68. Kf3
Re5 69. Rf7+ Ke8 70. Kg4 Re4+ 71. Kg3 Re5 72. Kf3 Kd8 73. Rf8+ Ke7 74. Rf7+
Kd8 75. Rxg7 Rxf5+ 76. Kg4 Rf6 77. Rd7+ Ke8 78. Rxd5 1/2-1/2

[Event "40th Bosna Open"]
[Site "Sarajevo BIH"]
[Date "2010.05.10"]
[Round "6"]
[White "Arapovic,V"]
[Black "Maiorov,N1"]
[Result "1/2-1/2"]
[WhiteElo "2366"]
[BlackElo "2544"]
[EventDate "2010.05.05"]

1. e4 e5 2. Nc3 Nc6 3. Bc4 Nf6 4. d3 Na5 5. Nge2 Nxc4 6. dxc4 Bc5 7. O-O d6
8. Qd3 O-O 9. Be3 Bb6 10. a4 Ng4 11. Bxb6 axb6 12. f3 Nh6 13. g4 f6 14. h4
g6 15. Rad1 Kh8 16. Rf2 Ng8 17. b3 Ne7 18. Rg2 Rf7 19. Qd2 Qf8 20. Rf1 f5
21. exf5 gxf5 22. g5 f4 23. Rh2 Bf5 24. Kf2 Rg7 25. Ne4 Bxe4 26. fxe4 h6
27. Ng1 Qf7 28. Nf3 Qh5 29. Rg1 Rh7 30. Rhg2 Rg8 31. a5 bxa5 32. Qxa5 b6
33. Qc3 Rhg7 34. b4 Qg6 35. Re1 hxg5 36. Rxg5 Qh7 37. c5 Rxg5 38. hxg5 Qh3
39. Rg1 Ng6 40. Rg2 Kg7 41. cxd6 Rc8 42. dxc7 Qe6 43. Rh2 Qd6 44. Qd3 Qxc7
45. Ke1 Rd8 46. Qb3 Qc6 47. Re2 b5 48. Qb2 Qb6 49. Qc3 Nh4 50. Rf2 Nxf3+
51. Qxf3 Qd4 52. c3 Qc4 53. Rd2 Ra8 54. Qd3 Qxd3 55. Rxd3 Kg6 56. Rd5 Kxg5
57. Rxe5+ Kg4 58. Rxb5 Ra2 59. Rf5 Kf3 60. e5 Ke3 61. Kd1 Kd3 62. Ke1 Ke3
63. Kd1 1/2-1/2

[Event "40th Bosna Open"]
[Site "Sarajevo BIH"]
[Date "2010.05.10"]
[Round "6"]
[White "Dizdarevic,E"]
[Black "Kargin,A"]
[Result "1-0"]
[WhiteElo "2498"]
[BlackElo "2392"]
[EventDate "2010.05.05"]

1. Nf3 Nf6 2. g3 b5 3. b3 Bb7 4. Bg2 e6 5. c4 a6 6. Nc3 b4 7. Na4 d6 8. d4
Nbd7 9. O-O Be7 10. Ne1 Bxg2 11. Kxg2 O-O 12. Nd3 c5 13. dxc5 dxc5 14. Bb2
Qc7 15. f3 Rfd8 16. Qd2 Nb6 17. Nxb6 Qxb6 18. Qe3 Nd7 19. Rfd1 a5 20. a4
bxa3 21. Rxa3 Bf6 22. Bxf6 Nxf6 23. Rda1 Rd4 24. R1a2 h6 25. Ne5 Qc7 26.
Ra4 Ne4 27. Ng4 Nd6 28. Qc3 h5 29. Nf2 Nf5 30. e4 Ne7 31. Rxa5 Rad8 32. Ra7
Qd6 33. e5 Qxe5 34. Rxe7 h4 35. Rea7 h3+ 36. Nxh3 Rd2+ 37. Qxd2 Rxd2+ 38.
Rxd2 g5 39. Rd8+ 1-0

[Event "40th Bosna Open"]
[Site "Sarajevo BIH"]
[Date "2010.05.10"]
[Round "6"]
[White "Saric,A"]
[Black "De Verdier,M"]
[Result "1-0"]
[WhiteElo "2489"]
[BlackElo "2310"]
[EventDate "2010.05.05"]

1. Nf3 Nf6 2. g3 b6 3. Bg2 Bb7 4. O-O e6 5. c4 Be7 6. b3 O-O 7. Bb2 c5 8.
Nc3 d5 9. e3 Nc6 10. cxd5 Nxd5 11. Nxd5 exd5 12. d4 Qd6 13. Qd2 Rfd8 14.
Rfd1 a5 15. Rac1 Qe6 16. dxc5 bxc5 17. Ne1 d4 18. Nd3 Rab8 19. Nf4 Qd6 20.
exd4 Nxd4 21. Bxb7 Rxb7 22. Bxd4 cxd4 23. Qxa5 Rbb8 24. Rc4 Ra8 25. Qd2 Qa3
26. Qe2 Re8 27. Rc2 Bf6 28. Qf3 Rac8 29. Rxc8 Rxc8 30. Nd5 Bd8 31. Qe2 Kf8
32. Rxd4 Qd6 33. Rd1 Qa3 34. Kg2 Ra8 35. Rd2 Ba5 36. Rd3 Bd8 37. Rd2 Ba5
38. Rc2 Qd6 39. Qb5 Bd8 40. Re2 g6 41. Qe8+ Kg7 42. Qe4 1-0

[Event "40th Bosna Open"]
[Site "Sarajevo BIH"]
[Date "2010.05.10"]
[Round "6"]
[White "Tutic,R"]
[Black "Das,Arg"]
[Result "1/2-1/2"]
[WhiteElo "2195"]
[BlackElo "2481"]
[EventDate "2010.05.05"]

1. e4 c5 2. Nf3 e6 3. c4 d6 4. Nc3 Nf6 5. d4 cxd4 6. Nxd4 Be7 7. Be2 a6 8.
O-O O-O 9. Be3 Qc7 10. Rc1 b6 11. Qd2 Bb7 12. f3 Nbd7 13. Rfd1 Rac8 14. Bf1
Rfe8 15. Qf2 Qb8 16. Kh1 Bd8 17. b3 Bc7 18. Qh4 Ne5 19. Nde2 d5 20. exd5
exd5 21. Bg5 Ng6 22. Qh3 Nf4 23. Qh4 Ng6 24. Qh3 Nf4 25. Qh4 Nxe2 26. Bxe2
Bd8 27. Bd3 h6 28. Bf4 Qa8 29. Qh3 dxc4 30. bxc4 Rc5 31. Re1 Rxe1+ 32. Rxe1
Bc8 33. Qg3 Be6 34. Be5 Nh5 35. Qf2 Bxc4 36. Bd6 Bxd3 37. Re8+ Kh7 38. Bxc5
bxc5 39. Qe3 c4 40. Qd4 Bf6 41. Qd7 Qxe8 42. Qxe8 Bxc3 43. Qxf7 Nf6 44. Qb7
a5 45. Qb5 Kg6 46. g4 Kf7 47. h4 Bd2 48. Kg2 Bf4 49. Qxa5 Ke6 50. Qa8 Bd6
51. g5 hxg5 52. hxg5 Nh7 53. Qg8+ Kd7 54. Qxg7+ Kc6 55. a4 Nf8 56. a5 Ne6
57. Qb2 Nf4+ 58. Kh1 Nd5 59. a6 c3 60. Qa1 c2 61. a7 Nb6 62. a8=Q+ Nxa8 63.
Qxa8+ Kd7 64. Qa7+ Kc6 65. Qe3 Ba3 66. Qe6+ Kc7 67. Qe5+ Kb6 68. Qb8+ Ka5
69. Qd8+ Ka4 70. Qd4+ Ka5 71. Qc3+ Ka4 72. Qd4+ Bb4 73. Qb2 Ba3 74. Qd4+
Bb4 75. Qb2 Ba3 76. Qd4+ Bb4 77. Qb2 1/2-1/2

[Event "40th Bosna Open"]
[Site "Sarajevo BIH"]
[Date "2010.05.10"]
[Round "6"]
[White "Stojanovic,Da"]
[Black "Solic,K"]
[Result "1-0"]
[WhiteElo "2481"]
[BlackElo "2222"]
[EventDate "2010.05.05"]

1. e4 c5 2. Nc3 Nc6 3. Bb5 d6 4. Bxc6+ bxc6 5. f4 Nf6 6. d3 g6 7. Nf3 Bg7
8. O-O O-O 9. Qe1 Rb8 10. b3 Nh5 11. Rb1 Qb6 12. Kh1 Bg4 13. Bd2 e5 14. f5
Bxf3 15. Rxf3 Qd8 16. Qf2 g5 17. f6 Bxf6 18. Rf1 Kg7 19. g3 Qe7 20. Nd1 Qe6
21. Rf5 h6 22. Qf3 Kg6 23. h4 Be7 24. hxg5 hxg5 25. Qg4 Rh8 26. Kg2 f6 27.
Rxf6+ Qxf6 28. Rxf6+ Nxf6 29. Qf5+ Kf7 30. Nf2 Rbg8 31. Ng4 Rh5 32. Be3 Rg6
33. Bxc5 Kg7 34. Bg1 Nxg4 35. Qxg4 Rh7 36. Qd7 Kf7 37. Qxc6 g4 38. Bxa7
Rgh6 39. Bg1 Rh3 40. a4 1-0

[Event "40th Bosna Open"]
[Site "Sarajevo BIH"]
[Date "2010.05.10"]
[Round "6"]
[White "Grandelius,N"]
[Black "Drljevic,L"]
[Result "1-0"]
[WhiteElo "2476"]
[BlackElo "2218"]
[EventDate "2010.05.05"]

1. c4 d6 2. Nc3 Nf6 3. g3 g6 4. Bg2 Bg7 5. Nf3 O-O 6. O-O e5 7. d3 h6 8.
Rb1 Nbd7 9. b4 a6 10. a4 Re8 11. Nd2 c6 12. b5 axb5 13. axb5 c5 14. Bb2 Nb6
15. Ra1 Rb8 16. Qc2 Be6 17. Ra7 Qc7 18. Nb3 Rec8 19. e4 h5 20. f4 Ng4 21.
Qe2 exf4 22. gxf4 Re8 23. h3 Nh6 24. Qf2 f5 25. Kh1 fxe4 26. Nxe4 Nf5 27.
Rg1 Qe7 28. Ng5 Bc8 29. Be4 Bxb2 30. Qxb2 Qg7 31. Qxg7+ Kxg7 32. Na5 h4 33.
Kg2 Ng3 34. Ra1 Nxe4 35. dxe4 Bd7 36. Nxb7 Kf6 37. Nxd6 Red8 38. R1a6 Ke7
39. Nb7 Nc8 40. Nxd8 Nxa7 41. Nde6 Nxb5 42. cxb5 Rxb5 43. Nc7 Rb2+ 44. Kg1
c4 45. Nd5+ Kd8 46. Ra8+ Bc8 47. Nf7+ Kd7 48. Ne5+ Kd8 49. Nxc4 1-0

[Event "40th Bosna Open"]
[Site "Sarajevo BIH"]
[Date "2010.05.10"]
[Round "6"]
[White "Saric,Iv"]
[Black "Galic,Z"]
[Result "1-0"]
[WhiteElo "2580"]
[BlackElo "2346"]
[EventDate "2010.05.05"]

1. e4 c5 2. Nf3 d6 3. d4 cxd4 4. Nxd4 Nf6 5. Nc3 Nc6 6. Bg5 Bd7 7. Qd2 Rc8
8. f4 Nxd4 9. Qxd4 Qa5 10. e5 dxe5 11. fxe5 e6 12. O-O-O Bc6 13. Nb5 Nd5
14. Qxa7 Qb4 15. Qd4 Qa5 16. a4 Bb4 17. Qa7 Ra8 18. Qxa5 Rxa5 19. b3 O-O
20. Bd2 Bxd2+ 21. Rxd2 Bxb5 22. Bxb5 Nc3 23. b4 Ra7 24. Kb2 Nxa4+ 25. Kb3
Nb6 26. c4 Rfa8 27. Rd6 Ra3+ 28. Kb2 Ra2+ 29. Kc3 Na4+ 30. Bxa4 R2xa4 31.
c5 g5 32. Rhd1 Ra2 33. Rd8+ Rxd8 34. Rxd8+ Kg7 35. b5 Ra1 36. Rd7 b6 37.
cxb6 Ra8 38. Kc4 Rc8+ 39. Kb4 1-0

[Event "40th Bosna Open"]
[Site "Sarajevo BIH"]
[Date "2010.05.10"]
[Round "6"]
[White "Djurovic,G"]
[Black "Rapport,R"]
[Result "0-1"]
[WhiteElo "2318"]
[BlackElo "2509"]
[EventDate "2010.05.05"]

1. d4 d5 2. Nf3 Nf6 3. e3 c5 4. dxc5 e6 5. b4 a5 6. c3 axb4 7. cxb4 b6 8.
Bb5+ Bd7 9. Bxd7+ Nbxd7 10. a4 bxc5 11. b5 Bd6 12. Bb2 O-O 13. Nbd2 Qb8 14.
Qe2 Rc8 15. e4 Bf4 16. O-O c4 17. Bc3 Qb7 18. e5 Ne4 19. Nxe4 dxe4 20. Nd2
Bxd2 21. Qxd2 Nc5 22. Qc2 Nb3 23. Ra2 Rd8 24. Re1 Rd3 25. Bb4 Rc8 26. Bc3
h5 27. h3 Rcd8 28. Kh2 h4 29. Re3 Rb8 30. a5 Rxe3 31. fxe3 Qxb5 32. Qxe4
Qd5 33. Qxh4 Qd3 34. Qe1 Ra8 35. Bb4 Ra6 36. Qc3 Qd5 37. Rf2 Ra8 38. Ra2
Qb5 39. Rc2 Rc8 40. e4 Rc6 41. Rf2 Ra6 42. Be7 Rxa5 43. Bf6 gxf6 44. Qg3+
Kf8 45. exf6 Qe5 46. Rf4 Nc5 47. Qg7+ Ke8 48. Qg8+ Kd7 49. Qxf7+ Kc6 50.
Qe8+ Nd7 51. Kg3 Qg5+ 52. Rg4 Ra3+ 53. Kh2 Qe5+ 54. Kg1 Ra1+ 55. Kf2 Qxf6+
56. Kg3 Ra3+ 57. Kh2 Qe5+ 58. Kg1 Ra1+ 59. Kf2 c3 60. Qc8+ Qc7 61. Qh8 Qb6+
62. Kg3 Qb8+ 63. Qxb8 Nxb8 64. e5 Kd5 65. Ra4 Rxa4 0-1

[Event "40th Bosna Open"]
[Site "Sarajevo BIH"]
[Date "2010.05.10"]
[Round "6"]
[White "Sutkovic,D"]
[Black "Kleijn,C"]
[Result "1/2-1/2"]
[WhiteElo "2304"]
[BlackElo "2431"]
[EventDate "2010.05.05"]

1. d4 d5 2. c4 c6 3. Nc3 Nf6 4. cxd5 cxd5 5. Bf4 Nc6 6. e3 a6 7. Bd3 Bg4 8.
Nge2 e6 9. Rc1 Bd6 10. Bg3 O-O 11. f3 Bh5 12. Nf4 Bg6 13. Nxg6 hxg6 14.
Bxd6 Qxd6 15. f4 b5 16. O-O Rfc8 17. Qe2 Na5 18. Rc2 Rc6 19. Rfc1 Rac8 20.
Nd1 Nc4 21. b3 Na3 22. Rxc6 Rxc6 23. Rxc6 Qxc6 24. Qd2 b4 25. Qxb4 Qc1 26.
Qe1 Nb1 27. Bxa6 Nc3 28. Qxc3 Qxd1+ 29. Bf1 Ne4 30. Qd3 Qa1 31. a4 Qa2 32.
Qe2 Qxb3 33. a5 Qa3 34. a6 Nd6 35. Qd3 Qa1 36. Qb3 Nc4 37. a7 Nd2 38. Qd3
Nxf1 39. Qxf1 Qxa7 1/2-1/2

[Event "40th Bosna Open"]
[Site "Sarajevo BIH"]
[Date "2010.05.10"]
[Round "6"]
[White "Hirneise,J"]
[Black "Thorfinnsson,Br"]
[Result "0-1"]
[WhiteElo "2294"]
[BlackElo "2422"]
[EventDate "2010.05.05"]

1. e4 c5 2. Nf3 d6 3. d4 cxd4 4. Nxd4 Nf6 5. Nc3 a6 6. Bg5 Nbd7 7. Qe2 Qc7
8. O-O-O b5 9. f4 Bb7 10. Bxf6 gxf6 11. Nd5 Qc5 12. b4 Qc8 13. Rd3 Bxd5 14.
exd5 Qc4 15. g3 Qxa2 16. Qe3 Qxd5 17. Rg1 Rc8 18. Bg2 Qc4 19. Bb7 Rc7 20.
Bxa6 e5 21. Bxb5 Qxb4 22. Qe4 Qa5 23. Qd5 Qa1+ 24. Kd2 Qxg1 25. Qa8+ Ke7
26. Nf5+ Ke6 27. Re3 Kxf5 28. Bxd7+ Rxd7 29. g4+ Qxg4 30. Qe4+ Ke6 31. f5+
Qxf5 0-1

[Event "40th Bosna Open"]
[Site "Sarajevo BIH"]
[Date "2010.05.10"]
[Round "6"]
[White "Runic,Z"]
[Black "Bosnjak,D"]
[Result "1-0"]
[WhiteElo "2398"]
[BlackElo "2314"]
[EventDate "2010.05.05"]

1. e4 c6 2. d4 d5 3. e5 Bf5 4. Nf3 e6 5. Be2 Nd7 6. O-O c5 7. c4 Ne7 8. Nc3
dxc4 9. Bg5 h6 10. Nb5 Qb6 11. Nd6+ Kd8 12. dxc5 Qxb2 13. Bxe7+ Bxe7 14.
Nxf5 exf5 15. Rb1 1-0

[Event "40th Bosna Open"]
[Site "Sarajevo BIH"]
[Date "2010.05.11"]
[Round "7"]
[White "Timofeev,Arty"]
[Black "Gustafsson,J"]
[Result "1-0"]
[WhiteElo "2677"]
[BlackElo "2640"]
[EventDate "2010.05.05"]

1. e4 e5 2. Nf3 Nc6 3. Bb5 a6 4. Ba4 Nf6 5. O-O Be7 6. Re1 b5 7. Bb3 O-O 8.
h3 Bb7 9. d3 d6 10. c3 Na5 11. Bc2 c5 12. Nbd2 Re8 13. Nf1 h6 14. Ng3 Bf8
15. d4 cxd4 16. cxd4 d5 17. Nxe5 dxe4 18. Ng4 Nc4 19. b3 Nd6 20. Bf4 Nd5
21. Be5 Rc8 22. Nxe4 Nxe4 23. Bxe4 f6 24. Qf3 fxe5 25. dxe5 h5 26. Qf5 hxg4
27. Qh7+ Kf7 28. Qh5+ Ke7 29. Bf5 Nf4 30. Qg5+ Kf7 31. Qxf4 Kg8 32. Qxg4
Qb6 33. Qh5 Qh6 34. Qxh6 gxh6 35. Bxc8 Bxc8 36. Rac1 a5 37. Kh2 h5 38. Rc6
Be6 39. g4 Bd5 40. Rg6+ Kh7 41. Rg5 hxg4 42. hxg4 Bh6 43. Rh5 Kg6 44. Kg3
Rf8 45. e6 Bf4+ 46. Kh4 Bg2 47. e7 Re8 48. Rxb5 Bd2 49. Re6+ Kf7 50. Re2
Bb4 51. Rf5+ Kg7 52. Kg3 Bf1 53. Re6 Bd3 54. Rd5 Bb1 55. Re2 Kf6 56. f4
Rxe7 57. g5+ Kf7 58. Rxe7+ Kxe7 59. a3 Bxa3 60. Rxa5 Bd6 61. b4 Bd3 62. Rd5
Be2 63. Rd4 Bb5 64. Kg4 Ke6 65. g6 Bf8 66. Rd8 Be2+ 67. Kg3 Ke7 68. Rb8 Bg7
69. b5 Kf6 70. b6 Kxg6 71. Ra8 1-0

[Event "40th Bosna Open"]
[Site "Sarajevo BIH"]
[Date "2010.05.11"]
[Round "7"]
[White "Geetha,Narayanan Gopal"]
[Black "Wang Hao"]
[Result "1/2-1/2"]
[WhiteElo "2604"]
[BlackElo "2722"]
[EventDate "2010.05.05"]

1. e4 e6 2. d4 d5 3. Nd2 Nf6 4. e5 Nfd7 5. Bd3 c5 6. c3 Nc6 7. Ngf3 Qb6 8.
O-O cxd4 9. cxd4 Nxd4 10. Nxd4 Qxd4 11. Nf3 Qb6 12. Qe2 h6 13. Rb1 Nc5 14.
Be3 Qd8 15. Bb5+ Bd7 16. Rfc1 a6 17. Bxd7+ Nxd7 18. Qc2 g5 19. Qa4 Bg7 20.
Bc5 b5 21. Qd4 h5 22. Bd6 g4 23. Bc7 Qe7 24. Bd6 Qd8 25. Bc7 Qe7 26. Bd6
Qxd6 27. exd6 Bxd4 28. Nxd4 Ne5 29. Rc7 Nc4 30. Re7+ Kf8 31. Rd7 Ke8 32.
Re7+ Kf8 33. Rd7 Ke8 34. Re7+ Kf8 1/2-1/2

[Event "40th Bosna Open"]
[Site "Sarajevo BIH"]
[Date "2010.05.11"]
[Round "7"]
[White "Nisipeanu,LD"]
[Black "Nevednichy,V"]
[Result "1/2-1/2"]
[WhiteElo "2672"]
[BlackElo "2560"]
[EventDate "2010.05.05"]

1. e4 e6 2. d4 d5 3. Nd2 c5 4. exd5 Qxd5 5. Ngf3 cxd4 6. Bc4 Qd6 7. O-O Nc6
8. Nb3 Nf6 9. Nbxd4 Nxd4 10. Nxd4 a6 11. Re1 Qc7 12. Bb3 Bd7 13. c3 1/2-1/2

[Event "40th Bosna Open"]
[Site "Sarajevo BIH"]
[Date "2010.05.11"]
[Round "7"]
[White "Svetushkin,D"]
[Black "Sandipan,C"]
[Result "0-1"]
[WhiteElo "2547"]
[BlackElo "2640"]
[EventDate "2010.05.05"]

1. e4 c5 2. Nf3 d6 3. d4 cxd4 4. Nxd4 Nf6 5. Nc3 a6 6. Be3 e6 7. f3 b5 8.
Qd2 Nbd7 9. g4 Nb6 10. a4 Nc4 11. Bxc4 bxc4 12. a5 Bb7 13. Na4 d5 14. g5
Nd7 15. O-O-O dxe4 16. Qc3 Qe7 17. Bd2 e5 18. Nf5 Qe6 19. fxe4 Bxe4 20.
Rhe1 Bxf5 21. Nb6 Nxb6 22. Rxe5 Nd5 23. Rxe6+ fxe6 24. Qe5 Be7 25. Qxg7
O-O-O 26. Qd4 c3 27. Bxc3 Bxg5+ 28. Bd2 Nc7 29. Qg1 Bxd2+ 30. Rxd2 Rxd2 31.
Kxd2 Rd8+ 32. Kc1 Bg6 33. b4 e5 34. Qe3 Rd4 35. c3 Rd5 36. h4 e4 37. Qf4
Rf5 38. Qg4 Kb8 39. Qg1 Rf3 40. b5 axb5 41. h5 Bf7 42. Qd4 e3 43. a6 Bd5
44. Qh8+ Ka7 45. Qxh7 Rf7 46. Qd3 Re7 47. Kd1 Re6 48. h6 Rxh6 49. Qxe3+ Rb6
50. Qc5 Bb3+ 51. Kc1 Nxa6 52. Qe7+ Rb7 53. Qe3+ Ka8 54. Qh6 Nb8 55. Qh1 Bc4
56. Qe4 Nd7 57. Qe7 Nb6 58. Qa3+ Kb8 59. Qd6+ Ka7 60. Qa3+ Na4 61. Qd6 Rf7
62. Kd2 Nb6 63. Qe5 Nd5 64. Qd6 Kb7 65. Qg3 Re7 66. Qd6 Rc7 67. Qa3 Rd7 68.
Qf8 Nb4+ 69. Kc1 Nd3+ 70. Kc2 Rf7 71. Qe8 Nc5 72. Qe3 Rc7 73. Qf3+ Kb6 74.
Qf6+ Be6 75. Qd8 Kb7 76. Qf6 Bb3+ 77. Kc1 Ne4 78. Qe5 Nxc3 79. Kb2 Bd5 80.
Ka3 Rc4 81. Qe7+ Ka6 82. Qd6+ Bc6 83. Qb8 Nd5 84. Qc8+ Bb7 85. Qe6+ Nb6 86.
Qh6 b4+ 87. Kb3 Bd5 88. Kb2 Kb5 89. Qh5 Re4 90. Qd1 Na4+ 91. Ka1 Nc3 92.
Qd3+ Kc5 93. Qf1 Rd4 94. Qf8+ Kb5 95. Kb2 Na4+ 96. Kc1 b3 97. Qe8+ Kb4 98.
Qe7+ Kc4 99. Qe2+ Kb4 100. Qe7+ Nc5 101. Qd6 Kc4 102. Qf8 Nd3+ 103. Kb1 Rh4
104. Qc8+ Kd4 0-1

[Event "40th Bosna Open"]
[Site "Sarajevo BIH"]
[Date "2010.05.11"]
[Round "7"]
[White "Brkic,A"]
[Black "Martinovic,Sa"]
[Result "1-0"]
[WhiteElo "2573"]
[BlackElo "2515"]
[EventDate "2010.05.05"]

1. d4 Nf6 2. Nf3 e6 3. e3 b6 4. Bd3 Bb7 5. Nbd2 c5 6. O-O d6 7. b3 Nbd7 8.
Bb2 a6 9. Qe2 g6 10. e4 cxd4 11. Nxd4 Bg7 12. c4 O-O 13. Rad1 Re8 14. b4
Nh5 15. Qe3 d5 16. Be2 e5 17. Bxh5 exd4 18. Bxd4 Bxd4 19. Qxd4 gxh5 20.
cxd5 Qf6 21. Nc4 Rad8 22. f3 b5 23. Qxf6 Nxf6 24. Ne3 Nd7 25. Rc1 Ne5 26.
Rc7 Bc8 27. Rfc1 f5 28. d6 Be6 29. exf5 Bf7 30. Rd1 Nc4 31. d7 Rf8 32. Nc2
Nb6 33. Rd6 Nd5 34. Ra7 Kg7 35. Nd4 Nxb4 36. a3 Nd5 37. Nc6 Nf6 38. Nxd8
Rxd8 39. Raxa6 Nxd7 40. Ra7 Be8 1-0